Вып. 1: Квантовая механика; Проблемы теоретической физики

Podrobná bibliografie
Parent link:Проблемы теоретической физики: в 2 вып./ Ленинградский государственный университет (ЛГУ) ; под ред. М. Г. Веселова; Ю. В. Новожилова; П. П. Павинского. Вып. 1: Квантовая механика.— , 1974-1975
Jazyk:ruština
Vydáno: 1974
Témata:
Médium: Kniha
KOHA link:https://koha.lib.tpu.ru/cgi-bin/koha/opac-detail.pl?biblionumber=247122

MARC

LEADER 00000nam2a2200000 4500
001 247122
005 20231101232255.0
035 |a (RuTPU)RU\TPU\book\268595 
090 |a 247122 
100 |a 20131217d1974 k y0rusy50 ca 
101 0 |a rus 
102 |a RU 
105 |a a z 001zy 
200 0 |a Вып. 1: Квантовая механика 
210 |d 1974 
215 |a 322 с.  |c ил. 
320 |a Библиография в конце статей 
461 1 |0 (RuTPU)RU\TPU\book\268819  |t Проблемы теоретической физики  |o в 2 вып.  |f Ленинградский государственный университет (ЛГУ) ; под ред. М. Г. Веселова; Ю. В. Новожилова; П. П. Павинского  |v Вып. 1: Квантовая механика  |d 1974-1975 
606 1 |a Физика теоретическая  |2 stltpush  |3 (RuTPU)RU\TPU\subj\63728  |9 80703 
606 |a Квантовая механика  |2 stltpush  |3 (RuTPU)RU\TPU\subj\14211  |9 40667 
610 1 |a метод Хартри-Фока 
610 1 |a электрическое поле 
610 1 |a бесселевы функции 
610 1 |a атомы 
610 1 |a молекулы 
610 1 |a расчет 
610 1 |a полупроводники 
610 1 |a экситонный спектр 
610 1 |a задачи 
610 1 |a схемы 
610 1 |a адиабатическое приближение 
675 |a 530.1  |v 3 
675 |a 530.145.6  |v 3 
801 1 |a RU  |b 63413507  |c 20131217 
801 2 |a RU  |b 63413507  |c 20210227  |g RCR 
942 |c BK